000 00312nam a22001457a 4500
008 210531b ||||| |||| 00| 0 eng d
020 _a89950002106541
041 _aeng
080 _a621
082 _a621
100 _a26
101 _aMEK
245 _aFormwork to Concrete
_cAustin,C.K
942 _2udc
_cBK
999 _c57819
_d57819